000
00295nam a22001097a 4500
008
230703b xxu||||| |||| 00| 0 eng d
082
_2
15
_a
346.41
_b
BOR 1969
245
_a
Stevens and Borrie's Elements of Mercantile Law
260
_a
London
_b
Butterworths
_c
1969
300
_a
567P
942
_2
ddc
_c
BK
999
_c
3175
_d
3175